=LDR 00000nam 2200000 4500 =001 INLIS000000000026939 =005 20200617084401 =035 ##$$a 0010-061300000026939 =008 200617###########################0###### =041 ##$$a Ind =082 ##$$a 2x4.122 4 =090 ##$$a 2x4.122 4, Ath l =100 ##$$a Ath-Tnayyar, Abdullah Bin Muihammad Bin Ahmad =245 1#$$a Lebaran menurut sunnah yang shalih, Abdullah Bin Muhammad Bin Ahmad Ath Thayyas ; penerjemah, Kholid Syamhudi =260 ##$$a 2005 :$b Bogor =300 ##$$a xxiv, 144 hlm, 18 cm =650 #4$$a Shalat =850 ##$$a NBPNMAT